Japan-the paradox of progress

Contents: Japanese successes in dealing with the challenges of change will be models to be studied with admiration by those who must follow after; Japanese failures, object lessons in the pitfalls of progress

Gespeichert in:
Bibliographische Detailangaben
Format: Buch
Sprache:Undetermined
Veröffentlicht: New Haven Yale University Press 1976
Schlagworte:
Tags: Tag hinzufügen
Keine Tags, Fügen Sie den ersten Tag hinzu!
Thư viện lưu trữ: Trung tâm Học liệu Trường Đại học Cần Thơ
LEADER 00853nam a2200205Ia 4500
001 CTU_221891
008 210402s9999 xx 000 0 und d
082 |a 309.15204 
082 |b J35 
245 0 |a Japan-the paradox of progress 
245 0 |c edited by Lewis Austin, with the assistance of Adrienne Suddard and Nancy Remington 
260 |a New Haven 
260 |b Yale University Press 
260 |c 1976 
520 |a Contents: Japanese successes in dealing with the challenges of change will be models to be studied with admiration by those who must follow after; Japanese failures, object lessons in the pitfalls of progress 
650 |a Japan,Nhật Bản 
650 |x Social conditions,Điều kiện xã hội 
650 |y 1945-,1945- 
904 |i Tô Chánh Trung 
980 |a Trung tâm Học liệu Trường Đại học Cần Thơ